| 000 | 00000nam##2200000za#4500 |
| 001 | 9.620751 |
| 003 | CaOODSP |
| 005 | 20200327164727 |
| 007 | ta |
| 008 | 150406|1992||||xxc||||| f|0| 0 fre|d |
| 020 | |a0-662-98131-6 |
| 022 | |a1188-7990 |
| 040 | |aCaOODSP|bfre |
| 043 | |an-cn--- |
| 086 | 1 |aEn1-17/4-1993F |
| 110 | 1 |aCanada.|bEnvironnement Canada. |bProtection de l'environnement. |
| 245 | 13|aLa gestion des boues dans l'industrie papetière |
| 260 | |aMontréal - Québec : |bEnvironnement Canada. |c1992. |
| 300 | |a6p. : |bfigures en couleur, tableaux ; |c28 cm. |
| 490 | 1 |aTechnologies Saint-Laurent |x1188-7990 |
| 500 | |a«Cette fiche a été rédigée à partir des résultats d'une étude réalisée par la firme H. A. Simons Ltée et financée par le Centre Saint-Laurent, l'Association des Industries forestières du Québec et le ministère de l'Environnement du Québec.»--Page 5. «Les objectifs étaient: évaluer l'impact des nouveaux règlements sur les quantités et les types de boues produites par l'industrie des pâtes et papiers; faire l'inventaire des méthodes alternatives à l'enfouissement pour l'élimination des boues; identifier les besoins des industries sur le plan technologique et en matière de gestion.»--Page 1. |
| 520 | 3 |aCette fiche a été rédigée à partir des résultats d'une étude réalisée par la firme H. A. Simons Ltée et financée par le Centre Saint-Laurent, l'Association des Industries forestières du Québec et le ministère de l'Environnement du Québec.--Page 5 Les objectifs étaient: évaluer l'impact des nouveaux règlements sur les quantités et les types de boues produites par l'industrie des pâtes et papiers; faire l'inventaire des méthodes alternatives à l'enfouissement pour l'élimination des boues; identifier les besoins des industries sur le plan technologique et en matière de gestion.--Page 1 |
| 563 | |aDépliant |
| 691 | 07|aIndustrie des pâtes et papiers|2gcpds |
| 691 | 07|aGestion des déchets|2gcpds |
| 775 | 08|tSludge management in the pulp and paper industry |w(CaOODSP)9.608725 |
| 776 | 0#|tEaux usées industrielles. La gestion des boues dans l'industrie papetière |w(CaOODSP)9.601812 |
| 830 | #0|aTechnologies Saint-Laurent,|x1188-7990|w(CaOODSP)9.512939 |